A cold legacy (Record no. 64011)
[ view plain ]
| 000 -LEADER | |
|---|---|
| fixed length control field | 01514nam a2200289 a 4500 |
| 008 - FIXED-LENGTH DATA ELEMENTS--GENERAL INFORMATION | |
| fixed length control field | 160920s2015 ||||||||||||||||| || u |
| 010 ## - LIBRARY OF CONGRESS CONTROL NUMBER | |
| LC control number | 2014009719 |
| 020 ## - INTERNATIONAL STANDARD BOOK NUMBER | |
| International Standard Book Number | 9780007500246 |
| 050 ## - LIBRARY OF CONGRESS CALL NUMBER | |
| Classification number | PS 3569.H47C62 |
| 100 ## - MAIN ENTRY--PERSONAL NAME | |
| Personal name | Shepherd, Megan |
| 245 12 - TITLE STATEMENT | |
| Title | A cold legacy |
| Statement of responsibility, etc. | Megan Shepherd. |
| 250 ## - EDITION STATEMENT | |
| Edition statement | First Edition. |
| 260 ## - PUBLICATION, DISTRIBUTION, ETC. | |
| Place of publication, distribution, etc. | London |
| Name of publisher, distributor, etc. | Harper Voyager |
| Date of publication, distribution, etc. | 2015 |
| 300 ## - PHYSICAL DESCRIPTION | |
| Extent | 390 p. |
| 350 ## - | |
| -- | 20.75 |
| 520 ## - | |
| -- | After escaping to a remote estate on the Scottish moors, owned by the enigmatic Elizabeth von Stein, Juliet Moreau, the product of her father's animal-human experiments, uncovers the truth about the manor's long history of scientific experimentation--and her own intended role in it. |
| 650 #4 - SUBJECT ADDED ENTRY--TOPICAL TERM | |
| Topical term or geographic name entry element | CHARACTERS IN LITERATURE - FICTION |
| 650 #4 - SUBJECT ADDED ENTRY--TOPICAL TERM | |
| Topical term or geographic name entry element | Experiments - Fiction |
| 650 #4 - SUBJECT ADDED ENTRY--TOPICAL TERM | |
| Topical term or geographic name entry element | SCIENCE FICTION |
| 650 #4 - SUBJECT ADDED ENTRY--TOPICAL TERM | |
| Topical term or geographic name entry element | Identity - Fiction |
| 650 #4 - SUBJECT ADDED ENTRY--TOPICAL TERM | |
| Topical term or geographic name entry element | Love - Fiction |
| 995 ## - | |
| -- | FICTION Collection |
| -- | 746816 |
| -- | CBU-MAIN LIBRARY (Kitwe) |
| -- | PS 3569.H47C62 |
| -- | 1 |
| -- | AVAILABLE |
| -- | Sep 20, 2016 |
| -- | 746816 |
| -- | Fiction Collection |
| 995 ## - | |
| -- | FICTION Collection |
| -- | 746817 |
| -- | CBU-SCHOOL OF MEDICINE LIBRARY (Ndola) |
| -- | PS 3569.H47C62 |
| -- | 2 |
| -- | AVAILABLE |
| -- | Sep 20, 2016 |
| -- | 746817 |
| -- | Fiction Collection |
| 995 ## - | |
| -- | FICTION Collection |
| -- | 747770 |
| -- | CBU-KAPASA MAKASA LIBRARY (Chinsali) |
| -- | PS 3569.H47C62 |
| -- | 3 |
| -- | AVAILABLE |
| -- | Sep 13, 2017 |
| -- | 747770 |
| -- | Fiction Collection |
| 995 ## - | |
| -- | FICTION Collection |
| -- | 746819 |
| -- | CBU-KAPASA MAKASA LIBRARY (Chinsali) |
| -- | 20.75 |
| -- | PS 3569.H47C62 |
| -- | 4 |
| -- | AVAILABLE |
| -- | Sep 13, 2017 |
| -- | 746819 |
| -- | Fiction Collection |
| 999 ## - | |
| -- | 64011 |
| -- | 64011 |
| Withdrawn status | Lost status | Source of classification or shelving scheme | Damaged status | Not for loan | Permanent Location | Current Location | Shelving location | Date acquired | Total Checkouts | Full call number | Barcode | Date last seen | Date last checked out | Copy number | Price effective from | Koha item type |
|---|---|---|---|---|---|---|---|---|---|---|---|---|---|---|---|---|
| CBU-MAIN LIBRARY, KITWE. | CBU-MAIN LIBRARY, KITWE. | 02/01/2023 | 2 | PS 3569.H47C62 | 746816 | 07/09/2025 | 05/08/2025 | 1 | 02/01/2023 | FICTON COLLECTON | ||||||
| CBU-SCHOOL OF MEDICINE LIBRARY, NDOLA. | CBU-SCHOOL OF MEDICINE LIBRARY, NDOLA. | 02/01/2023 | PS 3569.H47C62 | 746817 | 02/01/2023 | 2 | 02/01/2023 | FICTON COLLECTON |